| 000 | 013940000a22003370004500 | ||
|---|---|---|---|
| 003 | EG-GiCUC | ||
| 005 | 20250223025635.0 | ||
| 008 | 081102s2008 ua h f m 000 0 eng d | ||
| 040 |
_aEG-GiCUC _beng _cEG-GiCUC |
||
| 041 | 0 | _aEng | |
| 049 | _aDeposite | ||
| 097 | _aM.Sc | ||
| 099 | _aCai01.11.10.M.Sc.2008.Am.F | ||
| 100 | 0 | _aAmal Ahmed Mousa | |
| 245 | 1 | 0 |
_aFibrohistiocytic tumors of the skin / _cAmal Ahmed Mousa ; Supervised Salonas Ali Marzouk , Amira Amin Zayed |
| 246 | 1 | 5 | _aالأورام الليفية النسيجية للجلد |
| 260 |
_aCairo : _bAmal Ahmed Mousa , _c2008 |
||
| 300 |
_a152P. : _bfacsimiles ; _c25cm |
||
| 502 | _aThesis(M.Sc.) - Cairo University - Faculty of Medicine - Department of Dermatology and Venerology | ||
| 520 | _aFibrous and fibrohistiocytic tumors of the skin are a heterogeneous group of dermal and dermal / subcutaneous mesenchymal neoplasms with fibroblastic , myofibroblastic and histiocytic differentiation , often occurring side by side in the same tumor | ||
| 530 | _aIssued also as CD | ||
| 653 | 4 | _aFibrohistiocytic tumors | |
| 653 | 4 | _aFibrous tumors | |
| 653 | 4 | _aImmunohistochemistry | |
| 700 | 0 |
_aAmira Amin Zayed , _eSupervisor |
|
| 700 | 0 |
_aSalonas Ali Marzouk , _eSupervisor |
|
| 856 | _uhttp://172.23.153.220/th.pdf | ||
| 905 |
_aMustafa _eRevisor |
||
| 905 |
_aSamia _eCataloger |
||
| 942 |
_2ddc _cTH |
||
| 999 |
_c17337 _d17337 |
||